| 000 | 00366nam a2200145Ia 4500 | ||
|---|---|---|---|
| 005 | 20240821155018.0 | ||
| 008 | 240821s9999||||xx |||||||||||||| ||und|| | ||
| 082 | _a374.454 IND | ||
| 100 | _aBordia, Anil | ||
| 245 | 0 | _aAdult education in India | |
| 260 |
_aBombay _bNachiketa Publication Ltd. _c1973 |
||
| 300 | _ax,532p | ||
| 650 | _aAdult Education | ||
| 942 | _cBK | ||
| 999 |
_c92942 _d92942 |
||